[Event "FRA-ch op-B"]
[Site "Agen"]
[Date "2016.??.??"]
[Round "1"]
[White "Budak, Rewi"]
[Black "Baldi, Valentine"]
[Result "1-0"]
[WhiteElo "1969"]
[BlackElo "1852"]
[PlyCount "105"]
[EventDate "2016.08.12"]
[EventType "swiss"]
[EventRounds "9"]
[EventCountry "FRA"]
[SourceTitle "EXT 2017"]
[Source "ChessBase"]
[SourceDate "2016.10.25"]
[SourceVersion "1"]
[SourceVersionDate "2016.10.25"]
[SourceQuality "1"]

1. e4 c6 2. Ne2 d5 3. e5 c5 4. c3 Nc6 5. d4 e6 6. Be3 Nge7 7. Nd2 Nf5 8. Nf3 cxd4 9. Bxd4 Be7 10. a3 0-0 11. Ng3 Nfxd4 12. cxd4 Qb6 13. b4 Bd7 14. Be2 f6 15. 0-0 a6 16. Bd3 f5 17. Ne2 Rac8 18. Qd2 Nd8 19. Nc3 Nf7 20. Rfe1 Qd8 21. Nxd5 exd5 22. e6 Bxe6 23. Rxe6 Ng5 24. Nxg5 Bxg5 25. Qe2 Qd7 26. Re1 Rc6 27. Re5 Rcc8 28. Qf3 Rce8 29. Rxe8 Rxe8 30. Rxe8+ Qxe8 31. Qxd5+ Kh8 32. Qxf5 Qe1+ 33. Bf1 Qe7 34. d5 Bf6 35. Qc8+ Qd8 36. Qxb7 a5 37. b5 g6 38. Qf7 Be7 39. a4 Bc5 40. g3 Bd6 41. h4 Qe7 42. Qe6 Qxe6 43. dxe6 Kg7 44. b6 Kf6 45. Bc4 Ke7 46. Kg2 Bb8 47. Kf3 Kd6 48. Kg4 h6 49. h5 g5 50. Kf5 Ke7 51. g4 Bd6 52. b7 Bb8 53. Kg6 1-0

[Event "Wch U16 Girls"]
[Site "Al Ain"]
[Date "2013.12.28"]
[Round "11"]
[White "Xiang, Ellen"]
[Black "Baldi, Valentine"]
[Result "1-0"]
[WhiteElo "1954"]
[BlackElo "1877"]
[PlyCount "83"]
[EventDate "2013.12.18"]
[EventType "swiss"]
[EventRounds "11"]
[EventCountry "UAE"]
[SourceTitle "CBM 158 Extra"]
[Source "ChessBase"]
[SourceDate "2014.02.28"]
[SourceVersion "1"]
[SourceVersionDate "2014.02.28"]
[SourceQuality "1"]

1. d4 d5 2. c4 Bf5 3. Nf3 dxc4 4. e3 e6 5. Bxc4 c6 6. Nc3 Nf6 7. 0-0 Be7 8. Re1 0-0 9. e4 Bg4 10. Be3 Qc7 11. Qb3 Nbd7 12. Rac1 Qb6 13. Qc2 Qa5 14. e5 Nd5 15. Nxd5 exd5 16. Bd3 h6 17. h3 Be6 18. g4 c5 19. Kh2 Rac8 20. Bf5 Rc6 21. Qb1 Qc7 22. Rg1 cxd4 23. Bxd4 Bc5 24. Bxc5 Rxc5 25. Rxc5 Qxc5 26. Qc2 Qxc2 27. Bxc2 Rc8 28. Bb3 Nc5 29. Rc1 b6 30. Nd4 Rd8 31. Nc6 Rd7 32. Rd1 Kf8 33. f4 Nxb3 34. axb3 g6 35. Kg3 Kg7 36. Kf3 h5 37. Nd4 hxg4+ 38. hxg4 Rd8 39. Rc1 Rh8 40. Kg3 Rc8 41. Nxe6+ fxe6 42. Rxc8 1-0

[Event "Wch U16 Girls"]
[Site "Al Ain"]
[Date "2013.12.21"]
[Round "5"]
[White "Baldi, Valentine"]
[Black "Mahalakshmi, Muganda Kumar"]
[Result "0-1"]
[WhiteElo "1877"]
[BlackElo "2110"]
[PlyCount "106"]
[EventDate "2013.12.18"]
[EventType "swiss"]
[EventRounds "11"]
[EventCountry "UAE"]
[SourceTitle "CBM 158 Extra"]
[Source "ChessBase"]
[SourceDate "2014.02.28"]
[SourceVersion "1"]
[SourceVersionDate "2014.02.28"]
[SourceQuality "1"]

1. d4 Nf6 2. c4 e6 3. Nc3 Bb4 4. e3 0-0 5. a3 Bxc3+ 6. bxc3 d5 7. cxd5 exd5 8. Bd3 Re8 9. Ne2 b6 10. 0-0 Ba6 11. Bxa6 Nxa6 12. Qd3 Nb8 13. f3 c5 14. Ng3 Nc6 15. Bd2 Na5 16. Be1 c4 17. Qe2 Nb3 18. Rb1 Qe7 19. e4 dxe4 20. Qxc4 Na5 21. Qa2 e3 22. Ne2 Rac8 23. Bh4 Qd6 24. Rfc1 Nd5 25. Bg3 Qc6 26. c4 Nxc4 27. a4 a6 28. Nc3 Nxc3 29. Rxc3 Qd5 30. Rd3 Qf5 31. Qe2 Rcd8 32. Rb4 b5 33. h3 Re6 34. axb5 axb5 35. d5 Rg6 36. Kh2 Qg5 37. Bc7 Ra8 38. Rxb5 Ne5 39. Bxe5 Qxe5+ 40. Kg1 Ra1+ 41. Rd1 h6 42. Rbb1 Rxb1 43. Rxb1 Qxd5 44. Rb4 Re6 45. Rb8+ Kh7 46. Qc2+ f5 47. Rb1 e2 48. Re1 Qd4+ 49. Kh2 Qf2 50. Qd2 Rg6 51. Rg1 e1Q 52. Qxe1 Rxg2+ 53. Rxg2 Qxe1 0-1

[Event "Caen op"]
[Site "Caen"]
[Date "2013.10.31"]
[Round "1"]
[White "Bruned, Yvalin"]
[Black "Baldi, Valentine"]
[Result "1-0"]
[WhiteElo "2374"]
[BlackElo "1865"]
[PlyCount "135"]
[EventDate "2013.10.31"]
[EventType "swiss"]
[EventRounds "7"]
[EventCountry "FRA"]
[SourceTitle "EXT 2015"]
[Source "ChessBase"]
[SourceDate "2014.11.20"]
[SourceVersion "1"]
[SourceVersionDate "2014.11.20"]
[SourceQuality "1"]

1. e4 d5 2. exd5 Qxd5 3. Nc3 Qa5 4. d4 Nf6 5. Bc4 c6 6. Nf3 Bf5 7. Bd2 Qc7 8. 0-0 e6 9. Ne2 Bd6 10. Ng3 Bg4 11. Qe2 0-0 12. h3 Bxf3 13. Qxf3 Nbd7 14. c3 Rfe8 15. Bg5 e5 16. Ne4 Be7 17. Bxf6 Nxf6 18. Ng5 Rf8 19. Rfe1 exd4 20. cxd4 h6 21. Ne4 Nxe4 22. Rxe4 Bf6 23. Rg4 Kh8 24. Rd1 Rad8 25. Rf4 Rd6 26. a4 Rfd8 27. b3 a6 28. Re1 b5 29. Bd3 Rxd4 30. Rxf6 gxf6 31. Qxf6+ Kg8 32. Re7 Qxe7 33. Qxe7 Rxd3 34. Qa7 Rxb3 35. Qxa6 c5 36. axb5 Rb8 37. Qxh6 R3xb5 38. Qg5+ Kh7 39. Qf5+ Kg7 40. h4 Rh8 41. h5 Rh6 42. Qg5+ Kh7 43. Qf5+ Kg7 44. g3 Rbb6 45. Qxc5 Rbe6 46. Kg2 Re8 47. Qg5+ Kh7 48. Qf5+ Kg7 49. g4 Ree6 50. Qg5+ Kh7 51. Qf5+ Kg7 52. Kg3 Ra6 53. Qg5+ Kh7 54. Qf5+ Kg7 55. f3 Kg8 56. g5 Rhc6 57. h6 Rg6 58. f4 Ra1 59. Qc8+ Kh7 60. Qf8 Ra7 61. Kg4 f6 62. Qc5 Rd7 63. Qb5 Re7 64. Qf5 fxg5 65. Kh5 Ree6 66. fxg5 Rd6 67. Qf7+ Kh8 68. Qxg6 1-0

[Event "FRA-chT U20 16 GP Haute 1213"]
[Site "France"]
[Date "2013.05.19"]
[Round "10"]
[White "Baldi, Valentine"]
[Black "Froment, Theophile"]
[Result "0-1"]
[WhiteElo "1852"]
[BlackElo "1904"]
[PlyCount "93"]
[EventDate "2012.12.01"]
[EventType "team"]
[EventRounds "11"]
[EventCountry "FRA"]
[SourceTitle "EXT 2014"]
[Source "ChessBase"]
[SourceDate "2013.11.20"]
[SourceVersion "1"]
[SourceVersionDate "2013.11.20"]
[SourceQuality "1"]
[WhiteTeam "Bois Colombes (U20)"]
[BlackTeam "Cannes (U20)"]
[WhiteTeamCountry "FRA"]
[BlackTeamCountry "FRA"]

1. d4 Nf6 2. c4 e6 3. Nc3 Bb4 4. e3 0-0 5. Nge2 d5 6. a3 Be7 7. cxd5 exd5 8. Nf4 a5 9. Bd3 c6 10. 0-0 Na6 11. f3 Nc7 12. Bc2 c5 13. Nce2 b5 14. dxc5 Bxc5 15. Nd4 Bxd4 16. exd4 g6 17. Nd3 Ne6 18. Ne5 Bb7 19. f4 Ne4 20. f5 gxf5 21. Bh6 Ng7 22. Rxf5 f6 23. Bxe4 dxe4 24. Bxg7 Bc8 25. Rf4 Kxg7 26. Ng4 Bb7 27. Qd2 f5 28. Raf1 Bc8 29. Qc3 b4 30. axb4 axb4 31. Qxb4 Ra7 32. Qc5 Qc7 33. Qd5 Ra5 34. Qb3 Ra6 35. Ne3 Rb6 36. Qd5 Be6 37. Nxf5+ Rxf5 38. Rg4+ Kh6 39. Rh4+ Kg7 40. Rg4+ Kh6 41. Rh4+ Kg5 42. Rxf5+ Bxf5 43. Rxe4 Qc1+ 44. Kf2 Rxb2+ 45. Re2 Qf4+ 46. Qf3 Qxd4+ 47. Qe3+ 0-1

[Event "FRA-ch U16 Girls"]
[Site "Saint Paul Trois Chateaux"]
[Date "2013.05.03"]
[Round "6"]
[White "Banat, Rizlene"]
[Black "Baldi, Valentine"]
[Result "0-1"]
[WhiteElo "1759"]
[BlackElo "1885"]
[PlyCount "84"]
[EventDate "2013.04.28"]
[EventType "swiss"]
[EventRounds "9"]
[EventCountry "FRA"]
[SourceTitle "CBM 154 Extra"]
[Source "ChessBase"]
[SourceDate "2013.06.25"]
[SourceVersion "2"]
[SourceVersionDate "2013.06.25"]
[SourceQuality "1"]

1. e4 c6 2. c4 d5 3. exd5 cxd5 4. cxd5 Nf6 5. Qa4+ Nbd7 6. Nc3 g6 7. Bc4 Bg7 8. Nf3 0-0 9. d3 Nb6 10. Qb3 e6 11. dxe6 Re8 12. 0-0 Bxe6 13. Bxe6 Rxe6 14. d4 Ne4 15. Nxe4 Rxe4 16. Ng5 Re7 17. Qh3 h5 18. Nf3 Rd7 19. Be3 Nc4 20. b3 Nd6 21. Bg5 Qc8 22. Rac1 Rc7 23. Qxc8+ Raxc8 24. Rxc7 Rxc7 25. Bf4 Rd7 26. Bxd6 Rxd6 27. Rd1 Rd5 28. h3 g5 29. g4 hxg4 30. hxg4 f5 31. Nxg5 fxg4 32. Ne6 Be5 33. Kg2 Kf7 34. Ng5+ Kg6 35. Ne4 Rxd4 36. Rxd4 Bxd4 37. Kg3 Kh5 38. Nd6 Be5+ 39. Kg2 Bxd6 40. f3 g3 41. Kh3 Kg5 42. Kg2 Kf4 0-1

[Event "FRA-ch U16 Girls"]
[Site "Saint Paul Trois Chateaux"]
[Date "2013.05.01"]
[Round "4"]
[White "Legrand, Claire"]
[Black "Baldi, Valentine"]
[Result "0-1"]
[WhiteElo "1646"]
[BlackElo "1885"]
[PlyCount "36"]
[EventDate "2013.04.28"]
[EventType "swiss"]
[EventRounds "9"]
[EventCountry "FRA"]
[SourceTitle "CBM 154 Extra"]
[Source "ChessBase"]
[SourceDate "2013.06.25"]
[SourceVersion "2"]
[SourceVersionDate "2013.06.25"]
[SourceQuality "1"]

1. e4 c6 2. d4 d5 3. Nc3 dxe4 4. Nxe4 Bf5 5. Ng3 Bg6 6. Nh3 e6 7. Nf4 Bd6 8. h4 Qc7 9. Nxg6 hxg6 10. Ne4 Be7 11. g3 Nf6 12. Ng5 c5 13. Bg2 Nc6 14. dxc5 Rd8 15. Qf3 Nd4 16. Qd3 Qe5+ 17. Ne4 Nxe4 18. Qxe4 Nxc2+ 0-1

[Event "Wch U16 Girls"]
[Site "Al Ain"]
[Date "2013.??.??"]
[Round "3"]
[White "Baldi, Valentine"]
[Black "Malassagne, Isabelle"]
[Result "1/2-1/2"]
[WhiteElo "1877"]
[BlackElo "2043"]
[PlyCount "67"]
[EventDate "2013.12.18"]
[EventType "swiss"]
[EventRounds "11"]
[EventCountry "UAE"]
[SourceTitle "CBM 158 Extra"]
[Source "ChessBase"]
[SourceDate "2014.02.28"]
[SourceVersion "1"]
[SourceVersionDate "2014.02.28"]
[SourceQuality "1"]

1. d4 Nf6 2. c4 g6 3. Nc3 d5 4. cxd5 Nxd5 5. e4 Nxc3 6. bxc3 Bg7 7. Nf3 c5 8. Be3 0-0 9. Be2 cxd4 10. cxd4 Qa5+ 11. Bd2 Qa3 12. 0-0 b6 13. Rc1 Ba6 14. Rc7 Qd6 15. Rc1 Bxd4 16. Bxa6 Nxa6 17. Qa4 Bb2 18. Qxa6 Bxc1 19. Rxc1 Rfd8 20. h3 Qd7 21. Bf4 Rac8 22. Rxc8 Rxc8 23. Ne5 Qd1+ 24. Kh2 Qc2 25. Bg3 f6 26. Ng4 Qc4 27. Qb7 Qe6 28. Ne3 Kf7 29. Nd5 Rd8 30. Qxa7 Qxe4 31. Ne3 Qc6 32. Qc7 Qxc7 33. Bxc7 Ra8 34. Bxb6 1/2-1/2

[Event "Wch U16 Girls"]
[Site "Al Ain"]
[Date "2013.??.??"]
[Round "6"]
[White "Rodionova, Polina"]
[Black "Baldi, Valentine"]
[Result "1-0"]
[WhiteElo "2095"]
[BlackElo "1877"]
[PlyCount "123"]
[EventDate "2013.12.18"]
[EventType "swiss"]
[EventRounds "11"]
[EventCountry "UAE"]
[SourceTitle "CBM 158 Extra"]
[Source "ChessBase"]
[SourceDate "2014.02.28"]
[SourceVersion "1"]
[SourceVersionDate "2014.02.28"]
[SourceQuality "1"]

1. e4 c6 2. Nc3 d5 3. Nf3 dxe4 4. Nxe4 Nf6 5. Qe2 Bf5 6. Nxf6+ gxf6 7. d3 Qc7 8. g3 e6 9. Bg2 Bg7 10. 0-0 Qe7 11. Nh4 Bg6 12. f4 f5 13. c3 Nd7 14. Be3 Bf6 15. Nf3 Bh5 16. Qf2 Bxf3 17. Bxf3 0-0 18. a4 a5 19. Rad1 Qd6 20. Kh1 Kh8 21. d4 Rg8 22. b3 Rab8 23. c4 Qe7 24. Rfe1 Rge8 25. Bc1 Rbd8 26. Bb2 Kg8 27. Bc3 c5 28. Bxa5 b6 29. Bc3 cxd4 30. Bxd4 Bxd4 31. Qxd4 Nc5 32. Qc3 Qc7 33. Qc2 Ra8 34. Rd4 e5 35. Rxe5 Rxe5 36. fxe5 Qxe5 37. Rd5 Qe1+ 38. Kg2 Re8 39. Qxf5 Ne6 40. Rd7 Rf8 41. Be4 Qe2+ 42. Kh3 Qxe4 43. Qxe4 Ng5+ 44. Kg2 Nxe4 45. Rb7 Rd8 46. Rxb6 Nc5 47. a5 Nxb3 48. Rxb3 Ra8 49. Ra3 Kf8 50. a6 Ra7 51. Kf3 Ke7 52. Ke4 Kd6 53. Kd4 Kc6 54. c5 h5 55. Kc4 f5 56. Ra1 h4 57. gxh4 f4 58. Ra3 Kc7 59. Kb5 Ra8 60. a7 Kb7 61. c6+ Kc7 62. h5 1-0

[Event "Wch U16 Girls"]
[Site "Al Ain"]
[Date "2013.??.??"]
[Round "8"]
[White "Santeramo, Alessia Carmen"]
[Black "Baldi, Valentine"]
[Result "1/2-1/2"]
[WhiteElo "1983"]
[BlackElo "1877"]
[PlyCount "94"]
[EventDate "2013.12.18"]
[EventType "swiss"]
[EventRounds "11"]
[EventCountry "UAE"]
[SourceTitle "CBM 158 Extra"]
[Source "ChessBase"]
[SourceDate "2014.02.28"]
[SourceVersion "1"]
[SourceVersionDate "2014.02.28"]
[SourceQuality "1"]

1. e4 c6 2. d4 d5 3. Nc3 dxe4 4. Nxe4 Bf5 5. Ng3 Bg6 6. h4 h6 7. Nf3 Nd7 8. h5 Bh7 9. Bd3 Bxd3 10. Qxd3 e6 11. Bf4 Qa5+ 12. Bd2 Qc7 13. 0-0-0 Ngf6 14. Qe2 0-0-0 15. Ne5 Nxe5 16. dxe5 Nd5 17. f4 Kb8 18. Ne4 Be7 19. Kb1 Qb6 20. Rh3 c5 21. c4 Nb4 22. Bxb4 Rxd1+ 23. Qxd1 cxb4 24. Rd3 Qc6 25. Nd6 Bxd6 26. Rxd6 Qxc4 27. Rd8+ Rxd8 28. Qxd8+ Qc8 29. Qd6+ Ka8 30. Qe7 Qg8 31. Qxb4 a6 32. Kc1 g5 33. g4 Qd8 34. a3 Qd3 35. fxg5 hxg5 36. h6 Qh3 37. Qf8+ Ka7 38. Qc5+ Ka8 39. Qf8+ Ka7 40. Qg7 Qf1+ 41. Kd2 Qg2+ 42. Ke3 Qg1+ 43. Kd3 Qd1+ 44. Kc3 Qc1+ 45. Kb3 Qd1+ 46. Kc3 Qc1+ 47. Kb3 Qd1+ 1/2-1/2

[Event "FRA-chT U20 GpB 1213"]
[Site "France"]
[Date "2012.12.01"]
[Round "1"]
[White "Rodriguez, Adrien"]
[Black "Baldi, Valentine"]
[Result "1-0"]
[WhiteElo "2012"]
[BlackElo "1852"]
[PlyCount "85"]
[EventDate "2012.12.01"]
[EventType "team"]
[EventRounds "7"]
[EventCountry "FRA"]
[SourceTitle "EXT 2014"]
[Source "ChessBase"]
[SourceDate "2013.11.20"]
[SourceVersion "1"]
[SourceVersionDate "2013.11.20"]
[SourceQuality "1"]
[WhiteTeam "Creteil (U20)"]
[BlackTeam "Bois Colombes (U20)"]
[WhiteTeamCountry "FRA"]
[BlackTeamCountry "FRA"]

1. Nf3 d5 2. g3 Nf6 3. Bg2 Bf5 4. c4 c6 5. cxd5 cxd5 6. Qb3 Qc8 7. 0-0 e6 8. Nc3 Nc6 9. d3 Be7 10. Bf4 Qd7 11. Rfe1 Bg4 12. Ne5 Nxe5 13. Bxe5 0-0 14. e4 dxe4 15. dxe4 Rac8 16. h3 Bh5 17. g4 Bg6 18. Rad1 Qc6 19. Bg3 Nd7 20. e5 Nc5 21. Bxc6 Nxb3 22. Bd7 Rxc3 23. bxc3 Nc5 24. Bb5 Ne4 25. Rd7 Bc5 26. Bh4 Nxc3 27. Rxb7 Ne4 28. Bc6 Nc3 29. Be7 Bxe7 30. Rxe7 h5 31. Rxa7 hxg4 32. hxg4 Rc8 33. Bf3 Rc4 34. Kg2 Nb5 35. Ra8+ Kh7 36. Rh1+ Bh5 37. Rxh5+ Kg6 38. Be2 Rd4 39. Bxb5 Rxg4+ 40. Kh3 Rb4 41. Be2 Rb2 42. Bg4 Rxf2 43. Ra3 1-0

[Event "FRA-ch U14 Girls"]
[Site "Nimes"]
[Date "2012.04.21"]
[Round "9"]
[White "Baldi, Valentine"]
[Black "Malassagne, Isabelle"]
[Result "0-1"]
[WhiteElo "1752"]
[BlackElo "1880"]
[PlyCount "58"]
[EventDate "2012.04.14"]
[EventType "swiss"]
[EventRounds "9"]
[EventCountry "FRA"]
[SourceTitle "CBM 148 Extra"]
[Source "ChessBase"]
[SourceDate "2012.06.22"]
[SourceVersion "1"]
[SourceVersionDate "2012.06.22"]
[SourceQuality "1"]

1. d4 Nf6 2. c4 c5 3. d5 b5 4. a4 bxc4 5. Nc3 d6 6. e4 g6 7. Bxc4 Bg7 8. f4 0-0 9. Nf3 Na6 10. 0-0 Rb8 11. Qe2 Nb4 12. h3 Nd7 13. a5 a6 14. e5 Qc7 15. e6 fxe6 16. Qxe6+ Rf7 17. Qe2 Nf6 18. Ng5 Rf8 19. Ra3 Qb7 20. Rd1 Bf5 21. Ne6 Rfe8 22. Nxg7 Kxg7 23. g4 Bc8 24. Be3 Qd7 25. Raa1 Bb7 26. Qd2 Rbd8 27. Rf1 e6 28. dxe6 Qc6 29. Be2 Qg2# 0-1

[Event "FRA-ch U14 Girls"]
[Site "Nimes"]
[Date "2012.04.19"]
[Round "7"]
[White "Thomas, Apolline"]
[Black "Baldi, Valentine"]
[Result "0-1"]
[WhiteElo "1641"]
[BlackElo "1752"]
[PlyCount "64"]
[EventDate "2012.04.14"]
[EventType "swiss"]
[EventRounds "9"]
[EventCountry "FRA"]
[SourceTitle "CBM 148 Extra"]
[Source "ChessBase"]
[SourceDate "2012.06.22"]
[SourceVersion "1"]
[SourceVersionDate "2012.06.22"]
[SourceQuality "1"]

1. e4 c6 2. Nf3 d5 3. exd5 cxd5 4. Ne5 Nf6 5. d4 a6 6. Bd3 Nc6 7. c3 g6 8. 0-0 Bg7 9. f4 Bf5 10. Be2 0-0 11. g4 Be4 12. h4 Nxe5 13. dxe5 Nd7 14. Nd2 Nc5 15. Kh2 e6 16. g5 Qc7 17. Nf3 b5 18. Nd4 Rab8 19. a3 Qd7 20. h5 gxh5 21. Bxh5 Rfc8 22. Be2 Qe7 23. Rf2 h6 24. Nf3 Bxf3 25. Bxf3 hxg5 26. Rg2 f6 27. exf6 Qxf6 28. fxg5 Qe5+ 29. Kg1 Ne4 30. Bxe4 Qxe4 31. Qh5 Qe1+ 32. Kh2 Be5+ 0-1

[Event "FRA-chT U20 1112"]
[Site "France"]
[Date "2011.12.19"]
[Round "7.3"]
[White "Auvray, Honorine"]
[Black "Baldi, Valentine"]
[Result "0-1"]
[WhiteElo "1738"]
[BlackElo "1672"]
[PlyCount "68"]
[EventDate "2011.12.03"]
[EventType "team-swiss"]
[EventRounds "7"]
[EventCountry "FRA"]
[SourceTitle "EXT 2013"]
[Source "ChessBase"]
[SourceDate "2012.11.22"]
[SourceVersion "1"]
[SourceVersionDate "2012.11.22"]
[SourceQuality "1"]

1. e4 c6 2. d4 d5 3. e5 Bf5 4. Be3 e6 5. Nd2 Nd7 6. Ngf3 Qc7 7. c3 c5 8. Rc1 Rc8 9. Nb3 a6 10. Nh4 Bg6 11. Nxg6 hxg6 12. Be2 Ne7 13. g4 Nc6 14. h4 Na5 15. f4 Nc4 16. Bxc4 dxc4 17. Nxc5 Nxc5 18. dxc5 Bxc5 19. Bxc5 Qxc5 20. Qd4 Qc6 21. Kf2 Rd8 22. Qe3 Rd3 23. Qe2 Ke7 24. Rcd1 Rxd1 25. Qxd1 Qb6+ 26. Kf3 Rd8 27. Qc1 Qc6+ 28. Kf2 Rd3 29. Rh2 Rf3+ 30. Ke1 Qc5 31. Rg2 Qd5 32. Qd2 Qe4+ 33. Re2 Qb1+ 34. Qd1 Rf1+ 0-1

[Event "FRA-chTB U20 1011"]
[Site "France"]
[Date "2010.12.19"]
[Round "5.4"]
[White "Ek, Alexandre"]
[Black "Baldi, Valentine"]
[Result "1-0"]
[WhiteElo "1855"]
[BlackElo "1624"]
[PlyCount "49"]
[EventDate "2010.11.20"]
[EventType "team-tourn"]
[EventRounds "7"]
[EventCountry "FRA"]
[SourceTitle "EXT 2012"]
[Source "ChessBase"]
[SourceDate "2011.11.24"]
[SourceVersion "1"]
[SourceVersionDate "2011.11.24"]
[SourceQuality "1"]
[WhiteTeam "Villepinte"]
[BlackTeam "Potemkine"]
[WhiteTeamCountry "FRA"]
[BlackTeamCountry "FRA"]

1. e4 c6 2. d4 d5 3. exd5 cxd5 4. c4 Nf6 5. Nc3 Nc6 6. Bg5 e6 7. Nf3 dxc4 8. Bxc4 Be7 9. 0-0 0-0 10. a3 a6 11. Rc1 b5 12. Ba2 Bb7 13. Bxf6 Bxf6 14. d5 exd5 15. Bxd5 Qb6 16. Qc2 Nd4 17. Qd3 Rad8 18. Bxb7 Qxb7 19. Nxd4 Rxd4 20. Qf5 Rd2 21. Ne4 Rxb2 22. Nxf6+ gxf6 23. Rc3 Qb6 24. Rg3+ Kh8 25. Qg4 1-0

[Event "Massy op"]
[Site "Massy"]
[Date "2010.06.??"]
[Round "?"]
[White "Baldi, Valentine"]
[Black "Frere, Mehdi"]
[Result "1/2-1/2"]
[WhiteElo "1622"]
[BlackElo "1320"]
[PlyCount "51"]
[EventDate "2010.06.??"]
[EventType "swiss"]
[EventRounds "7"]
[EventCountry "FRA"]
[SourceTitle "EXT 2011"]
[Source "ChessBase"]
[SourceDate "2010.11.26"]
[SourceVersion "1"]
[SourceVersionDate "2010.11.26"]
[SourceQuality "1"]

1. d4 g6 2. c4 Bg7 3. e4 d6 4. Nc3 c5 5. Nf3 Nc6 6. Be3 Bg4 7. d5 Bxc3+ 8. bxc3 Ne5 9. Be2 Qa5 10. Bd2 Bxf3 11. gxf3 Nf6 12. 0-0 0-0 13. Qb3 Qc7 14. Rab1 b6 15. Kh1 Qc8 16. Rg1 h5 17. Rg2 Qh3 18. Rg3 Qc8 19. Rf1 h4 20. Rg2 Qh3 21. f4 Nxe4 22. fxe5 Nxd2 23. Qc2 Nxf1 24. Rxg6+ fxg6 25. Qxg6+ Kh8 26. Qh6+ 1/2-1/2

[Event "FRA-ch U12 Girls"]
[Site "Troyes"]
[Date "2010.04.12"]
[Round "2"]
[White "Afraoui, Anaelle"]
[Black "Baldi, Valentine"]
[Result "0-1"]
[WhiteElo "1440"]
[BlackElo "1635"]
[PlyCount "86"]
[EventDate "2010.04.11"]
[EventType "swiss"]
[EventRounds "9"]
[EventCountry "FRA"]
[SourceTitle "EXT 2012"]
[Source "ChessBase"]
[SourceDate "2011.11.24"]
[SourceVersion "1"]
[SourceVersionDate "2011.11.24"]
[SourceQuality "1"]

1. e4 e5 2. Nf3 Nc6 3. c3 Nf6 4. d4 exd4 5. e5 Ng4 6. cxd4 g6 7. a3 Bg7 8. Bd3 0-0 9. 0-0 d6 10. h3 Nh6 11. Bg5 Qd7 12. Nh2 dxe5 13. dxe5 Nxe5 14. Bc2 Qxd1 15. Rxd1 f6 16. Bxh6 Bxh6 17. Nd2 Be6 18. Bb3 Bxb3 19. Nxb3 Rad8 20. Nd4 Rfe8 21. Nhf3 Nxf3+ 22. Nxf3 c5 23. Rxd8 Rxd8 24. Re1 Kf7 25. Kh2 b5 26. Kg3 a5 27. Rb1 c4 28. b4 a4 29. Ng1 Rd3+ 30. f3 Rxa3 31. Ne2 Rb3 32. Rd1 Ke7 33. Rd5 Rxb4 34. Nd4 c3 35. Rc5 Rxd4 36. Rxc3 b4 37. Rc7+ Rd7 38. Rc4 Bd2 39. Rc2 b3 40. Rb2 Bc3 41. Rb1 b2 42. Kf2 a3 43. Ke2 a2 0-1